Política lingüística y enseñanza de lenguas
Bewaard in:
| Hoofdauteur: | |
|---|---|
| Andere auteurs: | , , , , , , , , , |
| Formaat: | Boek |
| Taal: | Engels |
| Gepubliceerd in: |
Ciudad Autónoma de Buenos Aires, Argentina:
Biblos,
2015
|
| Editie: | 1a ed. |
| Reeks: | Investigaciones y Ensayos
|
| Onderwerpen: | |
| Tags: |
Voeg label toe
Geen labels, Wees de eerste die dit record labelt!
|
MARC
| LEADER | 00000nam a22000007a 4500 | ||
|---|---|---|---|
| 003 | CL-VaPUC | ||
| 005 | 20220708131816.0 | ||
| 008 | 220406b2015 ||||| |||| 00| 0 eng d | ||
| 999 | |c 435304 |d 435302 | ||
| 020 | |a 978-987-691-363-8 | ||
| 040 | |c Pontificia Universidad Católica de Valparaíso | ||
| 082 | 0 | 4 | |2 21 |a 410 NAR 2015 |
| 100 | |a Narvaja de Arnoux, Elvira |e editora |9 872499 | ||
| 245 | 1 | 0 | |a Política lingüística y enseñanza de lenguas |
| 250 | |a 1a ed. | ||
| 260 | |a Ciudad Autónoma de Buenos Aires, Argentina: |b Biblos, |c 2015 | ||
| 300 | |a 272 páginas | ||
| 490 | 0 | |a Investigaciones y Ensayos | |
| 500 | |a C.1 Donación Familia profesor Giovanni Parodi S. Memo 01/2022. 25-03-2022 | ||
| 583 | |c 20220406 |k Catalogador Asistente | ||
| 650 | 1 | |a Lenguaje y lenguas |x Estudio y enseñanza |z Argentina |9 868658 | |
| 650 | 1 | |a Lenguaje y lenguas |x Estudio y enseñanza |z América del Sur |9 868659 | |
| 650 | 1 | |a Políticas educacionales |x Lingüística |z Argentina |9 868660 | |
| 650 | 1 | |a Políticas educacionales |x Lingüística |z América del Sur |9 868661 | |
| 700 | |a Bein, Roberto |e editor |9 868036 | ||
| 700 | |a Chiavarino, Nicolás A. |e autor |9 868662 | ||
| 700 | |a Blanco, Gonzalo |e autor |9 868663 | ||
| 700 | |a Camblong, Ana |e autora |9 868664 | ||
| 700 | |a Martínez, Angelita |e autora |9 868665 | ||
| 700 | |a Speranza, Adriana |e autora |9 868666 | ||
| 700 | |a Vitale, María Alejandra |e autora |9 868667 | ||
| 700 | |a Moyano, Luis Felipe |e autor |9 868668 | ||
| 700 | |a Carbonetti, Mariángeles |e autora |9 868669 | ||
| 700 | |a Glozman, Mara |e autora |9 868670 | ||
| 942 | |2 ddc |c BK | ||
| 952 | |0 0 |1 0 |2 ddc |4 0 |6 410_000000000000000_NAR_2015 |7 0 |8 C_GPS |9 582482 |a FDOPOS |b BIBEDU |c GEN |d 2022-04-06 |e Donación |i 5650714 |l 1 |o 410 NAR 2015 |p 5650714 |r 2025-01-22 |s 2022-08-03 |t 1 |w 2022-04-06 |y BK |k MLA | ||